书目信息 |
| 题名: |
“九 ·一八”事变史
|
|
| 作者: | 易县石 著 | |
| 分册: | ||
| 出版信息: | 沈阳 辽宁人民出版社 1981.08 |
|
| 页数: | 357页 | |
| 开本: | 19cm | |
| 丛书名: | 东北文史丛书 | |
| 单 册: | ||
| 中图分类: | K264.2 | |
| 科图分类: | ||
| 主题词: | 中国--历史 | |
| 电子资源: | ||
| ISBN: | ||
| 000 | 00551nam0 2200205 45 | |
| 001 | 0405190856 | |
| 005 | 20060629162749.20 | |
| 010 | @dCNY1.05 | |
| 100 | @a20040519d1981 km y0chiy0120 ea | |
| 101 | 0 | @achi |
| 200 | 1 | @a“九 ·一八”事变史@A“Jiu·Yi Ba”Shi Bian Shi@f易县石著@FYi Xian Shi Zhu |
| 210 | @a沈阳@c辽宁人民出版社@d1981.08 | |
| 215 | @a357页@d19cm | |
| 225 | @a东北文史丛书 | |
| 410 | @12001 @a东北文史丛书 | |
| 606 | 0 | @a中国@x历史 |
| 690 | @aK264.2@v3 | |
| 701 | 0 | @a易县石@4著 |
| 801 | @aCN@bPftUser@c20060629 | |
| 905 | @dK264.2@e13 | |
| “九 ·一八”事变史/易县石著.-沈阳:辽宁人民出版社,1981.08 |
| 357页;19cm.-(东北文史丛书) |
| ISBN :CNY1.05 |
| ● |
| 相关链接 |
|
|
|
|
正题名:"九 ·一八"事变史
索取号:K264.2/13
 
预约/预借
| 序号 | 登录号 | 条形码 | 馆藏地/架位号 | 状态 | 备注 |
| 1 | 0089109 | 000353183 | 第二借阅区/ [索取号:K264.2/13] | 在馆 | |
| 2 | 0089110 | 001671391 | 密集书库/ [索取号:K264.2/13] | 在馆 | |
| 3 | 0089111 | 001671649 | 密集书库/ [索取号:K264.2/13] | 在馆 | |
| 4 | 0089112 | 000353209 | 密集书库/ [索取号:K264.2/13] | 在馆 | |
| 5 | 0089113 | 000353192 | 第二样本阅览室/ [索取号:K264.2/13] | 在馆 | |
| 6 | 0421311 | 204213118 | 密集书库/ [索取号:K264.2/13] | 在馆 |